[Event "Défi( 10J+24H/c 10J Max )"]
[Site "www.echecsemail.com"]
[Date "2026.01.04"]
[Round "1"]
[White "4x4"]
[Black "Baloo"]
[WhiteElo "1460"]
[BlackElo "1460"]
[Result "1-0"]
1.e4 e5
2.f4 Ng8f6
3.fxe5 Nf6xe4
4.d3 Ne4c5
5.Bc1e3 Nc5e6
6.d4 d5
7.Ng1f3 Bf8e7
8.c3 O-O
9.Bf1d3 g6
10.Nb1d2 b6
11.Qd1e2 a5
12.O-O-O a4
13.Nd2b1 c6
14.g3 b5
15.Be3h6 Rf8e8
16.Nb1d2 Be7f8
17.Bh6xf8 Ne6xf8
18.h3 Bc8e6
19.g4 Nb8a6
20.Nd2b1 Ra8b8
21.Nb1d2 Na6c7
22.b3 axb3
23.axb3 Rb8a8
24.Nd2b1 Qd8e7
25.Rd1d2 Ra8b8
26.Kc2 b4
27.c4 c5
28.Kd1 Nf8d7
29.Ke1 f6
30.Kf2 cxd4
31.Nf3xd4 Qe7c5
32.Qe2e3 Nd7xe5
33.Kg3 Qc5d6
34.Qe3f4 Re8f8
35.Nd4xe6 Nc7xe6
36.h4 Kg7
37.h5 Rb8d8
38.cxd5 Qd6xd5
39.h6 Kg8
40.Rh1d1 Ne5xd3
41.Qf4c4 Qd5xc4
42.bxc4 Nd3c5
43.Rd2xd8 Ne6xd8
44.Rd1d5 Nd8b7
45.Nb1d2 Rf8e8
46.Nd2f3 b3
47.Rd5d1 Re8e3
48.Kf4 Re3e2
49.Nf3d4 Re2h2
50.g5 f5
51.Ke5 Kf7
52.Rd1b1 Nb7a5
53.Kd5 Nc5d3
54.Nd4b5 Rh2g2
55.c5 Ke7
56.c6 Kd8
57.Kd6 Rg2c2
58.Rb1a1 Rc2a2
59.Ra1d1 Nd3b4
60.c7 Kc8
61.Ke7 Nb4c6
62.Kf7 Ra2g2
63.Kg7 Rg2xg5
64.Kxh7 f4
65.Kg7 Rg5xb5
66.Kxg6 Nc6e7
67.Kf7 b2
68.Kxe7 Rb5e5
69.Kf6 Re5e8
70.h7 Na5c6
71.Kf7 Re8e7
72.Kg8 Re7e8
73.Kg7 Kxc7
74.h8Q Re8e7
75.Kf6 Re7e4
76.Kf5 Re4b4
77.Rd1b1 { abandon }1-0

[Event "Tournoi échelle champions"]
[Site "www.echecsemail.com"]
[Date "2026.01.04"]
[Round "1"]
[White "Elghribi"]
[Black "Luc20"]
[WhiteElo "1910"]
[BlackElo "1850"]
[Result "1-0"]
1.e4 e6
2.d4 d5
3.e5 c5
4.c3 Nb8c6
5.Bf1b5 Bc8d7
6.Bb5xc6 Bd7xc6
7.Ng1f3 b5
8.O-O h6
9.Bc1e3 c4
10.Rf1e1 Ng8e7
11.Nb1d2 Ne7f5
12.Nd2f1 Nf5xe3
13.Nf1xe3 b4
14.h3 a5
15.g3 Ra8b8
16.Qd1d2 Bf8e7
17.Kg2 Qd8b6
18.Ra1b1 Bc6d7
19.Nf3h2 Be7g5
20.f4 Bg5e7
21.g4 g5
22.f5 exf5
23.gxf5 Qb6c6
24.Kg1 O-O
25.Qd2g2 Kh7
26.Qg2g4 bxc3
27.bxc3 Rb8xb1
28.Re1xb1 Bd7e8
29.f6 Be8d7
30.fxe7 Rf8g8
31.Qg4h5 Qc6e6
32.Nh2g4 Rg8g6
33.Rb1f1 Bd7e8
34.Ng4f6 Rg6xf6
35.Rf1xf6 Qe6xe7
36.Rf6xh6 { abandon }1-0

[Event "Défi( 10J+24H/c 10J Max )"]
[Site "www.echecsemail.com"]
[Date "2026.01.04"]
[Round "1"]
[White "Tunnellavage"]
[Black "Manulatus"]
[WhiteElo "1780"]
[BlackElo "1930"]
[Result "0-1"]
1.e4 e6
2.d4 d5
3.e5 c5
4.c3 Nb8c6
5.Ng1f3 Qd8b6
6.a3 Bc8d7
7.Bf1e2 cxd4
8.cxd4 Ng8h6
9.b4 Nh6f5
10.Bc1e3 Bf8e7
11.Nb1c3 Nf5xe3
12.fxe3 O-O
13.O-O f6
14.Nc3a4 Qb6d8
15.Na4c5 fxe5
16.Nc5xb7 Qd8c7
17.Be2a6 Nc6b8
18.Qd1e2 Nb8xa6
19.Qe2xa6 Bd7c8
{ abandon }0-1

[Event "Défi"]
[Site "www.echecsemail.com"]
[Date "2026.01.04"]
[Round "1"]
[White "Zayka"]
[Black "Arno"]
[WhiteElo "1960"]
[BlackElo "1800"]
[Result "1-0"]
1.d4 Ng8f6
2.e3 d5
3.c4 Bc8g4
4.Ng1f3 c5
5.h3 Nb8c6
6.hxg4 Nf6xg4
7.Nf3g5 Ng4f6
8.Nb1c3 cxd4
9.exd4 h6
10.Ng5f3 e6
11.c5 Bf8e7
12.Bf1b5 O-O
13.O-O Ra8c8
14.Bb5xc6 bxc6
15.Bc1f4 Nf6d7
16.Qd1a4 a5
17.Ra1b1 Nd7f6
18.Nf3e5 Nf6h5
19.Bf4e3 Qd8c7
20.b4 axb4
21.Rb1xb4 Be7xc5
22.dxc5 Qc7xe5
23.Be3d4 Qe5g5
24.Bd4e3 Qg5g6
25.Nc3e2 e5
26.Rb4g4 Qg6d3
27.Ne2c1 Qd3f5
28.Be3xh6 e4
29.Rg4g5 Qf5f6
30.Rg5xh5 gxh6
31.f3 Rc8a8
32.Qa4c2 Qf6g6
33.Rh5h4 f5
34.fxe4 fxe4
35.Qc2e2 Rf8xf1
36.Qe2xf1 Ra8f8
37.Qf1e2 Qg6g5
38.Rh4g4 { abandon }1-0

[Event "Coupe Niveau 4"]
[Site "www.echecsemail.com"]
[Date "2026.01.04"]
[Round "1"]
[White "Senegaulois"]
[Black "Elghribi"]
[WhiteElo "1920"]
[BlackElo "1960"]
[Result "1/2-1/2"]
1.e4 d6
2.d4 Ng8f6
3.Nb1c3 g6
4.Ng1e2 Bf8g7
5.f3 O-O
6.Bc1e3 h6
7.Ne2g3 Nb8c6
8.Bf1b5 a6
9.Bb5e2 e5
10.d5 Nc6e7
11.Nc3b1 Nf6d7
12.c4 f5
13.Be3d2 f4
14.Ng3f1 g5
15.Bd2c3 Nd7f6
16.Nf1d2 Rf8f7
17.Nd2b3 Ne7g6
18.Be2d3 h5
19.Qd1e2 g4
20.Nb1d2 h4
21.O-O-O Bg7h6
22.Kb1 Rf7g7
23.c5 Qd8e7
24.Bc3b4 g3
25.Nd2c4 Nf6e8
26.Qe2d2 Rg7h7
27.Qd2e2 Bh6g5
28.cxd6 Ne8xd6
29.Nc4a5 Qe7d8
30.a4 Qd8e8
31.Na5xb7 Bc8xb7
32.Nb3c5 a5
33.Bb4a3 Ra8b8
34.Rd1c1 Ng6f8
35.h3 Bb7c8
36.Qe2c2 Bg5d8
37.Bd3c4 Nf8d7
38.Bc4a2 Nd7xc5
39.Ba3xc5 Bc8d7
40.Ba2b3 Kh8
41.Bc5a3 Rb8b7
42.Qc2d1 Nd6c8
43.d6 cxd6
44.Qd1d5 Rb7xb3
45.Qd5xb3 Bd7xa4
46.Qb3b8 Ba4d7
47.Rc1xc8 Bd7xc8
48.Qb8xc8 Qe8d7
49.Rh1c1 Qd7xc8
50.Rc1xc8 Rh7d7
51.b4 axb4
52.Ba3b2 Kg7
53.Rc8b8 Bd8e7
54.Rb8xb4 Kf7
55.Rb4b5 Ke6
56.Rb5d5 Rd7c7
57.Rd5d2 Rc7c4
58.Rd2d5 Rc4c5
59.Rd5xc5 dxc5
60.Kc2 Be7d8
61.Kc3 Bd8e7
62.Kc4 Kd6
63.Kb5 Ke6
64.Kc6 Be7d6
65.Bb2c3 Bd6e7
66.Bc3a5 Be7f6
{ nul }1/2-1/2

[Event "Tournoi n27336"]
[Site "www.echecsemail.com"]
[Date "2026.01.04"]
[Round "1"]
[White "Tiounet"]
[Black "Tizi"]
[WhiteElo "1640"]
[BlackElo "1700"]
[Result "1-0"]
1.a3 e5
2.b4 d5
3.Bc1b2 d4
4.Ng1f3 Bf8d6
5.g3 a6
6.Bf1g2 Ng8e7
7.O-O Ne7g6
8.d3 O-O
9.c3 Bc8g4
10.cxd4 Bg4xf3
11.Bg2xf3 Ng6f4
12.Bf3xb7 Nf4h3
13.Kh1 Qd8f6
14.Bb7xa8 Nh3xf2
15.Rf1xf2 Qf6xf2
16.dxe5 Rf8e8
17.exd6 cxd6
18.Ba8f3 Nb8d7
19.Nb1d2 Nd7f6
20.Qd1f1 Qf2e3
21.Nd2c4 Qe3e7
22.Nc4a5 Qe7a7
23.Bb2xf6 gxf6
24.Ra1c1 Qa7b6
25.Rc1c6 Qb6d4
26.Rc6xa6 Qd4b2
27.Na5c4 Qb2c3
28.Kg2 Qc3d4
29.Ra6xd6 Qd4a7
30.Rd6xf6 Kg7
31.Rf6f4 Qa7e7
32.e4 Qe7c7
33.Bf3h5 Re8e7
34.Rf4g4 Kf8
35.Nc4e3 Qc7c3
36.Ne3d5 Qc3b2
37.Kh3 Re7b7
38.Nd5f6 Rb7b6
39.Nf6xh7 Ke8
40.Qf1xf7 Kd8
41.Rg4g8 1-0

[Event "Coupe Niveau 1"]
[Site "www.echecsemail.com"]
[Date "2026.01.04"]
[Round "1"]
[White "Katastrofic"]
[Black "Jlr"]
[WhiteElo "1430"]
[BlackElo "1350"]
[Result "1-0"]
1.e4 e5
2.Bf1c4 Ng8f6
3.d3 h6
4.Ng1f3 Bf8c5
5.h3 g5
6.Nf3xe5 d5
7.exd5 Qd8d6
8.O-O Qd6xe5
9.Rf1e1 Nf6e4
10.Re1xe4 Bc5d6
11.Qd1e1 Bc8f5
12.Re4xe5 Bf5e6
13.Re5e2 O-O
14.dxe6 Nb8c6
15.exf7 Kg7
16.Qe1c3 Kg6
17.d4 Bd6b4
18.Qc3d3 Kh5
19.Qd3f3 Kg6
20.Re2e6 Kh7
21.Qf3f5 Kg7
22.Qf5g6 Kh8
23.Qg6xh6 1-0

[Event "Défi"]
[Site "www.echecsemail.com"]
[Date "2026.01.04"]
[Round "1"]
[White "Castor"]
[Black "Kiki38"]
[WhiteElo "1280"]
[BlackElo "1480"]
[Result "0-1"]
1.d4 d5
2.c4 dxc4
3.e4 b5
4.Nb1c3 Bc8d7
5.b3 cxb3
6.Qd1xb3 b4
7.Nc3a4 e6
8.Bc1f4 Ng8f6
9.f3 Bf8e7
10.Bf1d3 a5
11.Ng1e2 O-O
12.O-O Bd7xa4
13.Qb3xa4 c5
14.Bf4e3 Nb8d7
15.Ne2c1 Nd7b6
16.Qa4c2 cxd4
17.Nc1b3 dxe3
18.Nb3c1 Qd8d4
19.Nc1b3 e2
20.Nb3xd4 exf1Q
21.Ra1xf1 Ra8c8
22.Qc2f2 Be7c5
23.Kh1 e5
24.Nd4f5 Bc5xf2
25.Rf1xf2 Rc8c1
26.Bd3f1 Rf8d8
27.Nf5e3 g6
28.h3 Nf6h5
29.Kh2 Nh5f4
30.g3 Nf4h5
31.Ne3g4 Nb6c4
32.f4 Kg7
33.Bf1e2 Rc1c2
34.fxe5 Rd8d2
35.e6 fxe6
36.Kg2 Rd2xe2
37.Rf2xe2 Rc2xe2
38.Kf3 Re2xa2
39.Ng4f2 b3
40.Nf2d3 b2
41.Nd3xb2 Ra2xb2
42.g4 a4
43.gxh5 a3
44.Kg4 a2
45.Kg5 Rb2g2
46.Kf4 g5
47.Kf3 Rg2c2
48.Kg4 a1Q
49.Kxg5 Qa1f6
50.Kg4 Rc2g2
0-1

[Event "Défi"]
[Site "www.echecsemail.com"]
[Date "2026.01.04"]
[Round "1"]
[White "Jm29"]
[Black "Castor"]
[WhiteElo "1500"]
[BlackElo "1330"]
[Result "1-0"]
1.e4 c6
2.d4 d5
3.e5 e6
4.Ng1f3 c5
5.c3 Nb8c6
6.Bf1b5 Bc8d7
7.O-O a6
8.Bb5e2 Qd8c7
9.Qd1d2 Ra8b8
10.Nf3g5 Ng8h6
11.Be2h5 g6
12.Bh5f3 Bf8g7
13.h3 O-O
14.Qd2e1 Nh6f5
15.Qe1e2 cxd4
16.c4 Nc6a5
17.b3 Bg7xe5
18.Bc1b2 f6
19.cxd5 Be5h2
20.Kh1 Rb8e8
21.Bb2a3 Nf5e7
22.dxe6 Bd7b5
23.Qe2e1 Bh2e5
24.Ng5e4 b6
25.Ba3c1 Bb5xf1
26.Qe1xf1 b5
27.Bc1h6 Qc7d8
28.Bh6xf8 d3
29.Bf8xe7 Re8xe7
30.Nb1c3 f5
31.Ne4g5 Be5xc3
32.Ra1d1 d2
33.Qf1e2 Na5c6
34.Bf3xc6 Qd8c7
35.Bc6f3 Bc3a5
36.Rd1xd2 Ba5xd2
37.Qe2xd2 h6
38.Ng5f7 Re7xe6
39.Nf7xh6 Kg7
40.g3 Re6d6
41.Qd2e3 Rd6d1
42.Bf3xd1 Qc7d7
43.Kh2 Qd7d6
44.Bd1c2 Qd6c6
45.Bc2xf5 gxf5
46.Nh6xf5 Kf6
47.Qe3f4 Qc6c5
48.Nf5d4 Ke7
49.Qf4e3 Kd6
50.Qe3e6 Kc7
51.Qe6f7 Kb6
52.Qf7f6 Ka7
53.Qf6f7 Kb6
54.Qf7f6 Ka7
55.Nd4c6 Kb6
56.Nc6e7 Ka5
57.h4 Kb4
58.Qf6f4 Ka3
59.Ne7f5 a5
60.h5 Kxa2
61.h6 Qc5c8
62.Nf5d6 Qc8c6
63.h7 Qc6a8
64.Nd6f7 Qa8d5
65.h8Q Qd5xb3
66.Qf4d2 { abandon }1-0

[Event "Défi"]
[Site "www.echecsemail.com"]
[Date "2026.01.04"]
[Round "1"]
[White "Sarkus"]
[Black "Kinkin"]
[WhiteElo "2020"]
[BlackElo "1990"]
[Result "1-0"]
1.e4 d6
2.d4 Ng8f6
3.Nb1c3 g6
4.Ng1f3 Bf8g7
5.h3 O-O
6.Bc1e3 e5
7.dxe5 dxe5
8.Qd1xd8 Rf8xd8
9.Bf1c4 Nb8c6
10.Ra1d1 Rd8xd1
11.Kxd1 Nc6a5
12.Nf3xe5 Na5xc4
13.Ne5xc4 Bc8e6
14.Nc4d2 a6
15.f4 b5
16.a3 Ra8d8
17.Ke2 Nf6h5
18.Rh1d1 Bg7xc3
19.bxc3 Rd8d6
20.Kf3 f5
21.e5 Be6d5
22.Kf2 Rd6d7
23.g4 Nh5g7
24.Nd2b3 Ng7e6
25.Nb3c5 Ne6xc5
26.Be3xc5 c6
27.gxf5 gxf5
28.Rd1g1 Rd7g7
29.Rg1xg7 Kxg7
30.Kg3 Bd5e4
31.e6 Be4xc2
32.Kh4 Bc2b3
33.e7 Kf7
34.Kg5 Bb3e6
35.Kh6 Be6d7
36.Kxh7 Bd7e8
37.h4 a5
38.h5 Ke6
39.h6 Kf7
40.Kh8 Ke6
41.Kg7 Kd5
42.Bc5b6 a4
43.h7 { abandon }1-0

[Event "Tournoi n27301"]
[Site "www.echecsemail.com"]
[Date "2026.01.04"]
[Round "1"]
[White "Boudon"]
[Black "Kiki"]
[WhiteElo "2230"]
[BlackElo "2390"]
[Result "0-1"]
1.d4 Ng8f6
2.Bc1g5 c6
3.Bg5xf6 exf6
4.c4 Bf8b4
5.Nb1c3 d6
6.e3 Qd8a5
7.Qd1c2 Nb8d7
8.Bf1d3 Qa5g5
9.Ng1e2 Qg5xg2
10.Rh1g1 Qg2xh2
11.Rg1xg7 Nd7b6
12.Rg7g1 h5
13.O-O-O Qh2xf2
14.Nc3e4 Qf2xe3
15.Kb1 h4
16.a3 f5
17.axb4 fxe4
18.Bd3xe4 d5
19.Be4h1 Nb6xc4
20.Ne2c3 Qe3f4
21.Qc2e2 Kd8
22.Rg1f1 Qf4g5
23.Ka1 Bc8g4
24.Qe2xc4 dxc4
25.Nc3e4 Qg5b5
{ abandon }0-1

[Event "Tournoi n27083"]
[Site "www.echecsemail.com"]
[Date "2026.01.04"]
[Round "1"]
[White "Baranowsky"]
[Black "Lancien57"]
[WhiteElo "1460"]
[BlackElo "1480"]
[Result "1/2-1/2"]
1.Ng1f3 Nb8c6
2.g3 Ng8f6
3.Bf1g2 d6
4.d4 e6
5.O-O Bf8e7
6.Bc1e3 b6
7.c3 d5
8.Nb1d2 Bc8b7
9.Nd2b3 Be7d6
10.Be3g5 h6
11.Bg5e3 Nf6e4
12.Nf3d2 Ne4xd2
13.Nb3xd2 O-O
14.Nd2f3 Nc6e7
15.Be3d2 c5
16.e3 a6
17.a3 c4
18.Ra1b1 Ne7f5
19.Qd1c1 b5
20.Bg2h3 a5
21.Bh3xf5 exf5
22.Nf3h4 Bb7c8
23.Qc1d1 Bc8d7
24.Qd1f3 Bd7e6
25.Nh4xf5 Be6xf5
26.Qf3xf5 Bd6e7
27.Qf5f3 Be7f6
28.Qf3d1 b4
29.cxb4 axb4
30.Bd2xb4 Rf8e8
31.Qd1c1 Bf6e7
32.Bb4xe7 Qd8xe7
33.Qc1c3 Qe7e4
34.Rb1e1 Ra8c8
35.f3 Qe4e7
36.Rf1f2 f6
37.Kg2 g6
38.Rf2e2 Kg7
39.Qc3a5 Re8d8
40.Qa5c3 Rd8e8
41.Qc3a5 Qe7d6
42.Qa5c3 h5
43.f4 f5
44.h3 Re8e4
45.h4 Kf6
46.b4 Rc8b8
47.Re1b1 Rb8b7
48.Re2a2 Ke6
49.a4 Rb7a7
50.b5 Kf6
51.a5 Re4e8
52.b6 Ra7b7
53.a6 Rb7xb6
54.Rb1xb6 Qd6xb6
55.Qc3a3 Re8a8
56.Qa3a5 Qb6xa5
57.Ra2xa5 Ke6
58.a7 c3
59.Ra5a2 Kd6
60.Ra2c2 Ra8xa7
61.Rc2xc3 Ra7a2
62.Kf3 Ra2a1
63.Rc3c2 Ra1f1
64.Rc2f2 Rf1a1
65.Kg2 Ra1a3
66.Kf3 Ra3d3
67.Rf2e2 Rd3d1
68.Kf2 Rd1d3
69.Re2e1 Rd3d2
70.Re1e2 Rd2d3
71.Kf3 Kc6
72.Re2a2 Kb6
73.Ra2a8 Kc6
74.Ra8g8 Rd3d1
75.Rg8xg6 Kb5
76.Rg6g5 Rd1f1
77.Ke2 Rf1g1
78.Kf2 Rg1d1
79.Rg5xf5 Kc4
80.Rf5xh5 Rd1d2
81.Kf3 Rd2d3
82.f5 Rd3d1
83.Kf4 Rd1f1
84.Ke5 Rf1f3
85.Rh5g5 Rf3xe3
86.Kd6 Kxd4
87.f6 Re3f3
88.Rg5g6 Rf3f5
89.g4 Rf5f4
90.h5 Ke4
91.g5 Rf4f5
92.h6 d4
93.h7 d3
94.h8Q d2
95.Qh8h1 Rf5f3
96.Rg6g7 Ke3
97.Rg7d7 Ke2
98.Ke6 Rf3e3
99.Kf7 Re3c3
100.Kg6 Rc3c1
101.Qh1g2 Ke3
102.Qg2xd2 Ke4
103.Qd2xc1 Ke5
104.Qc1e1 Kf4
105.Rd7d4 Kf3
106.Rd4e4 Kg2
107.Re4f4 Kh3
108.Qe1g1 1/2-1/2

[Event "Memorial Lara CIII"]
[Site "www.echecsemail.com"]
[Date "2026.01.04"]
[Round "1"]
[White "Bertelsen"]
[Black "Orosco"]
[WhiteElo "1730"]
[BlackElo "2270"]
[Result "1/2-1/2"]
1.d4 Ng8f6
2.Ng1f3 d5
3.Nb1c3 g6
4.Bc1f4 Bf8g7
5.e3 O-O
6.Bf1e2 Bc8f5
7.a3 Nb8c6
8.h3 Nf6e4
9.Nc3xe4 dxe4
10.Nf3h4 e6
11.Nh4xf5 exf5
12.Be2b5 Nc6e7
13.O-O c6
14.Bb5e2 Ne7d5
15.c4 Nd5xf4
16.exf4 Bg7xd4
17.Ra1b1 c5
18.g3 Qd8b6
19.b4 Rf8d8
20.Qd1b3 cxb4
21.axb4 Qb6f6
22.Kg2 b6
23.Rf1d1 Ra8b8
24.Rd1d2 e3
25.fxe3 Bd4c3
26.Rd2d3 Rd8xd3
27.Be2xd3 Qf6c6
28.Kf2 Bc3g7
29.b5 Qc6c7
30.Rb1c1 Rb8d8
31.Rc1d1 Qc7c5
32.Kf3 Rd8e8
33.Bd3e2 h5
{ nul }1/2-1/2

[Event "Tournoi n27353"]
[Site "www.echecsemail.com"]
[Date "2026.01.04"]
[Round "1"]
[White "Tiounet"]
[Black "Lancien57"]
[WhiteElo "1680"]
[BlackElo "1460"]
[Result "1-0"]
1.a3 Nb8c6
2.b4 a6
3.Bc1b2 Ng8f6
4.g3 e5
5.Bf1g2 d5
6.Ng1f3 Bf8e7
7.O-O Bc8d7
8.Nf3xe5 Nc6xe5
9.Bb2xe5 O-O
10.Rf1e1 Bd7c6
11.d3 Be7d6
12.Be5b2 Rf8e8
13.Nb1d2 h6
14.c4 dxc4
15.Nd2xc4 Bc6b5
16.Nc4xd6 Qd8xd6
17.Bg2xb7 Ra8b8
18.Bb7g2 c6
19.Ra1c1 Rb8c8
20.d4 Re8e6
21.e3 Nf6e4
22.Bg2h3 Re6e8
23.Bh3xc8 Re8xc8
24.Qd1c2 Qd6g6
25.f3 Ne4d6
26.Qc2xg6 fxg6
27.f4 Nd6e4
28.Kg2 Kf7
29.Kf3 Bb5d3
30.d5 Ne4d6
31.Rc1xc6 Bd3e4
32.Kf2 Rc8xc6
33.dxc6 Be4xc6
34.Re1c1 Bc6e4
35.Rc1c7 Ke6
36.Rc7xg7 Nd6b5
37.Rg7h7 h5
38.Rh7h8 Kf7
39.Rh8b8 Ke6
40.Rb8b6 Kf7
41.Rb6xa6 Be4d3
42.Ra6f6 Ke7
43.Rf6b6 Nb5d6
44.a4 Nd6c4
45.Rb6b7 Kd6
46.Bb2d4 Kc6
47.Rb7e7 Nc4d6
48.Bd4c5 Nd6e4
49.Ke1 Ne4xc5
50.bxc5 Kxc5
51.Re7b7 Bd3e4
52.Rb7b8 Kc6
53.a5 Kc7
54.Rb8b2 Kc6
55.a6 Kc5
56.a7 Be4c6
57.Rb2c2 Kb6
58.Rc2xc6 Kxa7
59.Rc6xg6 Kb7
60.Rg6d6 Kc7
61.Rd6d4 Kc6
62.f5 Kc5
63.f6 { abandon }1-0

[Event "Défi( 10J+24H/c 10J Max )"]
[Site "www.echecsemail.com"]
[Date "2026.01.04"]
[Round "1"]
[White "Chevalice"]
[Black "Majula"]
[WhiteElo "1680"]
[BlackElo "1560"]
[Result "0-1"]
1.e4 e5
2.Ng1f3 Nb8c6
3.Bf1b5 a6
4.Bb5xc6 bxc6
5.Nf3xe5 Bf8d6
6.Qd1h5 g6
7.Ne5xg6 fxg6
8.Qh5f3 Qd8f6
9.Qf3xf6 Ng8xf6
10.Nb1c3 O-O
11.O-O Bd6e5
12.f4 Be5xc3
13.bxc3 Nf6xe4
14.a4 d5
15.Ra1a3 Bc8f5
16.d3 Ne4d6
17.h3 Nd6b5
18.axb5 axb5
19.Ra3xa8 Rf8xa8
20.Bc1e3 Kf7
21.g4 Bf5e6
22.Be3d4 Ra8a4
23.f5 gxf5
24.gxf5 Be6d7
25.h4 c5
26.Bd4xc5 Ra4xh4
27.f6 h5
28.Bc5d4 c6
29.Bd4e5 Rh4g4
30.Kh2 h4
31.d4 h3
32.Rf1f3 Rg4g2
33.Kh1 Bd7g4
34.Rf3f1 Rg2xc2
35.Rf1g1 Bg4f3
{ abandon }0-1

[Event "Tournoi n27312"]
[Site "www.echecsemail.com"]
[Date "2026.01.04"]
[Round "1"]
[White "Chevalice"]
[Black "Verson"]
[WhiteElo "1680"]
[BlackElo "1820"]
[Result "0-1"]
1.e4 e6
2.Ng1f3 d5
3.exd5 exd5
4.d4 Ng8f6
5.Bc1g5 Bc8e6
6.Bf1d3 Bf8e7
7.h3 O-O
8.Nf3e5 h6
9.Bg5f4 c5
10.a3 Nb8c6
11.Ne5xc6 bxc6
12.c3 cxd4
13.cxd4 Be7d6
14.Bf4e5 c5
15.Be5xd6 Qd8xd6
16.dxc5 Qd6xc5
17.O-O Ra8c8
18.Nb1d2 Rf8d8
19.Bd3a6 Rc8c7
20.b4 Qc5b6
21.Ba6e2 Nf6e4
22.Nd2xe4 Rc7d7
23.Ne4c5 Rd7d6
24.Kh1 d4
25.Qd1d3 Be6d5
26.Qd3b5 Qb6xb5
27.Be2xb5 Rd6g6
28.f3 Bd5e6
29.Nc5xe6 Rg6xe6
30.Bb5c4 Re6e3
31.b5 d3
32.a4 d2
33.Ra1d1 Re3c3
34.Bc4e2 Rc3a3
35.Rd1a1 Ra3e3
36.Be2c4 Rd8e8
37.Bc4b3 Re3e1
38.Kg1 Re1xa1
39.Rf1xa1 Re8e1
{ abandon }0-1

[Event "Coupe Niveau 3"]
[Site "www.echecsemail.com"]
[Date "2026.01.04"]
[Round "1"]
[White "Katastrofic"]
[Black "Elghribi"]
[WhiteElo "1430"]
[BlackElo "1920"]
[Result "0-1"]
1.e4 d6
2.Bf1c4 Ng8f6
3.d3 g6
4.h3 Bf8g7
5.Ng1f3 O-O
6.O-O Nb8c6
7.a3 e5
8.b4 h6
9.Bc1d2 Kh7
10.Nb1c3 Nc6e7
11.Nf3h2 Nf6d7
12.Nc3e2 f5
13.exf5 gxf5
14.Ra1b1 d5
15.Bc4a2 Nd7f6
16.f4 e4
17.d4 Bc8e6
18.Bd2e3 Ne7g6
19.c3 Rf8g8
20.Rb1c1 Qd8d7
21.Ba2b3 c6
22.a4 Bg7f8
23.c4 Bf8xb4
24.c5 Bb4a5
25.Be3d2 Ba5c7
26.a5 Nf6h5
27.Qd1e1 Rg8g7
28.Ne2g3 Nh5xg3
29.Rf1f2 Ra8g8
30.Qe1e3 Ng3h5
31.Nh2f1 Ng6xf4
32.Qe3c3 Nf4xg2
{ abandon }0-1

[Event "Coupe Niveau 1"]
[Site "www.echecsemail.com"]
[Date "2026.01.04"]
[Round "1"]
[White "Panchoa"]
[Black "Jlr"]
[WhiteElo "1590"]
[BlackElo "1340"]
[Result "0-1"]
1.e4 e5
2.Ng1f3 d6
3.Nb1c3 Ng8f6
4.Bf1c4 Bc8g4
5.O-O Nb8c6
6.b3 Nc6d4
7.Bc4d5 c6
8.Bd5c4 b5
9.Bc4e2 Nd4xf3
10.Be2xf3 Bg4xf3
11.Qd1xf3 h6
12.Nc3e2 Bf8e7
13.Bc1b2 g5
14.Qf3f5 Qd8a5
15.Bb2c3 b4
16.Bc3b2 Qa5c5
17.c3 bxc3
18.Bb2xc3 Qc5b5
19.Ne2g3 Qb5d3
20.a4 Kd8
21.Ra1c1 Ra8b8
22.b4 Kc7
23.b5 c5
24.Bc3a5 Kb7
25.Ng3h5 a6
26.Nh5xf6 Be7xf6
27.Qf5d7 Ka8
28.Qd7c6 Ka7
29.b6 Rb8xb6
30.Qc6xb6 Ka8
31.Qb6xa6 Qd3xa6
{ abandon }0-1

[Event "Coupe Niveau 4"]
[Site "www.echecsemail.com"]
[Date "2026.01.04"]
[Round "1"]
[White "Senegaulois"]
[Black "Berniz"]
[WhiteElo "1910"]
[BlackElo "2150"]
[Result "0-1"]
1.e4 c5
2.Ng1f3 d6
3.d4 cxd4
4.Nf3xd4 Ng8f6
5.Nb1c3 a6
6.Bf1c4 e6
7.O-O Bf8e7
8.Kh1 O-O
9.Bc4d3 Qd8c7
10.Nd4b3 b5
11.a3 Bc8b7
12.Bc1g5 Rf8e8
13.f4 Nb8c6
14.Qd1f3 h6
15.Bg5h4 Ra8d8
16.Ra1c1 Nf6d7
17.Bh4g3 Re8f8
18.f5 Nc6e5
19.Qf3e2 Be7f6
20.Nc3d1 Rf8e8
21.Nd1f2 exf5
22.Nf2h3 fxe4
23.Bd3xe4 Ne5c4
24.Rf1d1 Bf6xb2
25.Rc1b1 Bb2xa3
26.Nb3d2 Nc4xd2
{ abandon }0-1

[Event "Défi( 10J+24H/c 10J Max )"]
[Site "www.echecsemail.com"]
[Date "2026.01.04"]
[Round "1"]
[White "Roidechecs"]
[Black "Tunnellavage"]
[WhiteElo "1240"]
[BlackElo "1760"]
[Result "0-1"]
1.e4 e5
2.Ng1f3 Nb8c6
3.d4 exd4
4.Nf3xd4 Bf8c5
5.Nd4xc6 bxc6
6.Nb1c3 d6
7.Qd1e2 a5
8.h4 Bc8a6
9.Qe2f3 Ba6xf1
10.Rh1xf1 Ng8f6
11.g4 h6
12.Nc3a4 Bc5d4
13.c3 Bd4e5
14.g5 hxg5
15.hxg5 Nf6h7
16.Bc1f4 Nh7f8
17.Bf4xe5 dxe5
18.Qf3f5 Qd8e7
19.Ra1d1 Ra8d8
20.Rd1xd8 Kxd8
21.f4 Nf8d7
22.fxe5 Nd7xe5
23.b4 axb4
24.Rf1g1 bxc3
25.Rg1g2 Rh8h1
26.Ke2 c2
27.Qf5f2 c1Q
28.Qf2d4 Ke8
29.Na4c3 Qc1e1
0-1

[Event "TRISTAN DA CUNHA"]
[Site "www.echecsemail.com"]
[Date "2026.01.04"]
[Round "1"]
[White "Casisimed"]
[Black "Mindthegap"]
[WhiteElo "1640"]
[BlackElo "1420"]
[Result "0-1"]
1.e4 e5
2.Ng1f3 Nb8c6
3.Nb1c3 Ng8f6
4.Bf1c4 Nf6xe4
5.Nc3xe4 d5
6.Bc4b5 dxe4
7.Nf3xe5 Qd8g5
8.Ne5xc6 Qg5xb5
9.Nc6d4 Qb5g5
10.O-O Bc8h3
11.g3 O-O-O
12.Nd4f3 exf3
13.d3 Qg5h5
14.Rf1e1 Bh3g4
15.Re1e4 Bf8d6
16.Qd1f1 Rh8e8
17.Re4xe8 Rd8xe8
18.Bc1e3 Bd6xg3
19.fxg3 Re8xe3
20.Ra1e1 Re3e2
21.Re1xe2 fxe2
22.Qf1e1 Qh5c5
23.Kg2 Qc5c6
24.Kf2 Qc6f3
25.Kg1 Qf3e3
26.Kg2 Bg4f3
27.Kh3 Qe3h6
0-1

[Event "Défi( 10J+24H/c 10J Max )"]
[Site "www.echecsemail.com"]
[Date "2026.01.04"]
[Round "1"]
[White "Utopia65"]
[Black "Vb83"]
[WhiteElo "1490"]
[BlackElo "1420"]
[Result "1-0"]
1.d4 d5
2.Ng1f3 Nb8c6
3.e3 Bc8g4
4.Bf1e2 Ng8f6
5.h3 Bg4xf3
6.Be2xf3 e6
7.O-O Bf8d6
8.Bc1d2 O-O
9.a3 a5
10.Nb1c3 Qd8e7
11.Rf1e1 b5
12.Nc3xb5 Nf6e4
13.Bf3xe4 dxe4
14.Re1e2 Ra8b8
15.a4 Qe7f6
16.c3 h5
17.Bd2e1 e5
18.Qd1b3 Qf6e6
19.d5 Nc6a7
20.c4 Qe6e8
21.Qb3c2 Na7xb5
22.cxb5 Rb8b6
23.Be1xa5 Rb6b7
24.Qc2xe4 Rb7a7
25.Ba5c3 Qe8a8
26.f3 f6
27.b3 Qa8b8
28.Re2e1 Bd6c5
29.b4 Bc5d6
30.g4 h4
31.Re1f1 Qb8b6
32.Rf1f2 Kf7
33.Kh2 Rf8a8
34.Rf2g2 Ra7xa4
35.Ra1g1 Qb6xb5
36.g5 Qb5d7
37.gxf6 gxf6
38.Rg2g7 { abandon }1-0

[Event "Tournoi n27346"]
[Site "www.echecsemail.com"]
[Date "2026.01.04"]
[Round "1"]
[White "Darkknight99"]
[Black "Geantvert"]
[WhiteElo "1980"]
[BlackElo "1870"]
[Result "1/2-1/2"]
1.Ng1f3 g6
2.g3 Bf8g7
3.Bf1g2 e5
4.e4 b6
5.O-O Ng8e7
6.d3 Bc8b7
7.Bc1g5 O-O
8.Nb1d2 d6
9.Rf1e1 Qd8d7
10.Nd2f1 Nb8c6
11.h3 Nc6d4
12.Nf1h2 Nd4e6
13.Bg5e3 Ne6d4
14.Nf3xd4 exd4
15.Be3g5 c5
16.Nh2g4 f6
17.Bg5h6 Ne7c6
18.Bh6xg7 Kxg7
19.f4 Ra8e8
20.Kh2 h6
21.Qd1d2 Rf8h8
22.Re1f1 f5
23.exf5 Qd7xf5
24.Bg2e4 Qf5f7
25.a3 Nc6a5
26.Be4xb7 Na5xb7
27.Ra1e1 Re8xe1
28.Rf1xe1 Rh8e8
29.Ng4f2 d5
30.Nf2g4 Nb7d8
31.Ng4e5 Qf7c7
32.c3 dxc3
33.bxc3 Nd8f7
34.d4 c4
35.Re1b1 Nf7d6
36.Qd2e2 Nd6e4
37.Qe2g4 Qc7d6
38.Rb1c1 h5
39.Qg4d7 Qd6xd7
40.Ne5xd7 Ne4f6
41.Nd7e5 Nf6e4
{ nul }1/2-1/2

[Event "VIC LA GARDIOLE"]
[Site "www.echecsemail.com"]
[Date "2026.01.04"]
[Round "1"]
[White "4x4"]
[Black "Tartu"]
[WhiteElo "1460"]
[BlackElo "1690"]
[Result "0-1"]
1.e4 e5
2.Ng1f3 Nb8c6
3.Nb1c3 Ng8f6
4.d4 exd4
5.Nf3xd4 Nc6xd4
6.Qd1xd4 Bf8e7
7.Bc1g5 O-O
8.O-O-O d6
9.Bf1d3 Bc8e6
10.f4 h6
11.Bg5xf6 Be7xf6
12.Qd4e3 Bf6xc3
13.bxc3 a5
14.a3 c5
15.f5 Be6d7
16.h4 Ra8b8
17.g4 b5
18.g5 c4
19.gxh6 cxd3
20.cxd3 Qd8f6
21.d4 Rf8e8
22.hxg7 Bd7xf5
23.Qe3f4 Re8xe4
24.Qf4d2 Re4xh4
25.Rh1xh4 Qf6xh4
26.Rd1g1 Rb8e8
27.Rg1g2 Qh4e4
28.Kd1 Bf5g4
29.Kc1 Bg4f5
30.Qd2h6 Qe4b1
31.Kd2 Qb1e1
0-1

[Event "Défi"]
[Site "www.echecsemail.com"]
[Date "2026.01.04"]
[Round "1"]
[White "Snarf"]
[Black "Tiounet"]
[WhiteElo "1720"]
[BlackElo "1580"]
[Result "0-1"]
1.e4 a6
2.h3 b5
3.g3 Bc8b7
4.Bf1g2 Ng8f6
5.d3 g6
6.b3 Bf8g7
7.Bc1b2 O-O
8.Ng1f3 c5
9.Nb1d2 d6
10.Qd1e2 b4
11.Nd2c4 Nb8c6
12.O-O a5
13.a3 Rf8e8
14.a4 Qd8c7
15.Ra1d1 Ra8d8
16.Nc4e3 Nf6d7
17.Bb2c1 Bb7a6
18.Ne3d5 Qc7b7
19.Bc1g5 Nd7e5
20.Kh2 Ne5xf3
21.Qe2xf3 Nc6d4
22.Qf3f4 Nd4xc2
23.Bg2f3 Nc2d4
24.e5 Nd4xf3
25.Qf4xf3 Bg7xe5
26.Qf3e4 f5
27.Qe4f3 Rd8d7
28.Rf1e1 Kg7
29.Re1e3 Be5d4
30.Re3e6 Bd4e5
31.Kg1 Kf7
32.Re6xe5 dxe5
33.Nd5e3 Rd7xd3
34.Qf3xb7 Rd3xd1
35.Ne3xd1 Ba6xb7
36.Nd1e3 Re8d8
37.Ne3c4 e4
38.Nc4xa5 Bb7a8
39.Na5c4 Ke6
40.Bg5e3 Rd8d3
41.Nc4b6 Ba8c6
42.Be3xc5 Rd3xb3
43.Nb6c8 Bc6xa4
44.Nc8b6 Ba4b5
45.Nb6a8 Rb3b1
46.Kg2 Bb5d3
47.Na8b6 b3
48.Nb6a4 Bd3c2
49.Bc5d4 Kd5
50.Bd4b2 Kc4
51.Na4b6 Kb5
52.Bb2d4 b2
53.g4 Bc2d3
54.Nb6d5 Rb1g1
55.Kxg1 b1Q
56.Kg2 Qb1f1
{ abandon }0-1

[Event "Tournoi n27329"]
[Site "www.echecsemail.com"]
[Date "2026.01.04"]
[Round "1"]
[White "Willkommen54"]
[Black "Odemevol"]
[WhiteElo "2020"]
[BlackElo "1960"]
[Result "1/2-1/2"]
1.d4 Ng8f6
2.Ng1f3 g6
3.e3 d5
4.Bf1e2 Bf8g7
5.O-O O-O
6.Nb1d2 Nb8d7
7.c4 c5
8.b3 b6
9.Bc1b2 Bc8b7
10.Qd1c2 cxd4
11.Bb2xd4 Ra8c8
12.Qc2b2 Rf8e8
13.Nf3e5 Nd7xe5
14.Bd4xe5 e6
15.Rf1d1 Qd8e7
16.Ra1c1 Nf6h5
17.Be5xg7 Nh5xg7
18.Be2f3 Re8d8
19.cxd5 Rc8xc1
20.Rd1xc1 Bb7xd5
21.Bf3xd5 Rd8xd5
22.Nd2f3 Qe7d7
23.Qb2e2 Ng7e8
24.g3 e5
25.Qe2c2 Rd5c5
26.Qc2b2 Rc5xc1
27.Qb2xc1 e4
28.Nf3d4 Ne8d6
29.a4 a5
30.Kg2 h5
31.Nd4e2 g5
32.Ne2d4 Nd6f5
33.Nd4xf5 Qd7xf5
34.Qc1d1 Qf5g6
35.h3 Kg7
36.Qd1d4 Kh7
37.Qd4d5 Kh6
38.Qd5d4 Kh7
{ nul }1/2-1/2